00792nam0a22001931 4500001001100000005001700011035002600028100004100054101000800095102000700103105001800110200025300128210005900381215001900440700008000459801001800539801002200557852001900579rc\301518620250810060226.0 a(NLR Aleph) 007157526 a20110925d1944 u y0rusy50 ca0 arus aRU ay j |||||1 aКонспект лекции "Борьба за увеличение пробега паровоза между обточками"fЗаднепровский А.Я.gМоск. объединение кинолекторий ЦУУЗ НКПС a[Москва]cТрансжелдориздатd1944 a8 с.d15 см 1aЗаднепровскийbА.Я.gАлександр Яковлевич 0aRUbNLRgpsbo 1aRUbELAR2rusmarc aNLRj58-1/1162